Borok értékesítésének az elemzése Silvanus Hotel, Panoráma Étterem

Bibliográfiai részletek
Szerző: Fehér Tibor
További közreműködők: Nagy Mihály
Dokumentumtípus: Projektmunka
Kulcsszavak:Borok
értékesítés
elemzés
Online Access:http://dolgozattar.uni-bge.hu/16416

MARC

LEADER 00000nnm a2200000 i 4500
001 dolg16416
005 20180925110841.0
008 180515suuuu hu o 000 hun d
040 |a BGE Dolgozattár Repozitórium  |b hun 
041 |a hu 
100 1 |a Fehér Tibor 
245 1 0 |a Borok értékesítésének az elemzése Silvanus Hotel, Panoráma Étterem  |c Fehér Tibor  |h [elektronikus dokumentum] 
246 1 1 |a Borok értékesítésének az elemzése Silvanus Hotel, Panoráma Étterem 
516 |a Project_work 
695 |a Borok 
695 |a értékesítés 
695 |a elemzés 
700 1 |a Nagy Mihály  |e ths 
856 4 0 |u http://dolgozattar.uni-bge.hu/16416/1/Feh%C3%A9r%20Tibor%20projektmunka.pdf  |z Dokumentum-elérés